AO MANUAL OF FRACTURE MANAGEMENT : HAND AND WRIST + CD (Record no. 800120)

MARC details
000 -LEADER
fixed length control field 00387pam a2200157 a 4500
020 ## - INTERNATIONAL STANDARD BOOK NUMBER
International Standard Book Number 3131276118
Terms of availability
041 ## - LANGUAGE CODE
Language code of original
082 ## - DEWEY DECIMAL CLASSIFICATION NUMBER
Classification number 617.3
Item number JUP/RIN
100 ## - MAIN ENTRY--PERSONAL NAME
Personal name JUPITER J.B., RING D.C.
245 ## - TITLE STATEMENT
Title AO MANUAL OF FRACTURE MANAGEMENT : HAND AND WRIST + CD
Medium Textual Documents
250 ## - EDITION STATEMENT
Edition statement 1.
260 ## - PUBLICATION, DISTRIBUTION, ETC.
Name of publisher, distributor, etc. THIEME
Date of publication, distribution, etc. 2005
300 ## - PHYSICAL DESCRIPTION
Extent 342:
Other physical details XVI;
Dimensions HB.
650 ## - SUBJECT ADDED ENTRY--TOPICAL TERM
Topical term or geographic name entry element ORTHO
930 ## - EQUIVALENCE OR CROSS-REFERENCE-UNIFORM TITLE HEADING [LOCAL, CANADA]
Uniform title 5593
Holdings
Withdrawn status Lost status Damaged status Not for loan Collection Home library Current library Date acquired Source of acquisition Cost, normal purchase price Total Checkouts Full call number Barcode Date due Date last seen Date last checked out Copy number Price effective from Koha item type
          Medical College & Hospital, Sangli Medical College & Hospital, Sangli 15/10/2012 B.M.S.G.B.PUNE 18008.00 1 617.3 JUP/RIN MCS-10663 01/10/2043 06/10/2023 06/10/2023 1 26/07/2023 Book